Language Quiz

Random Language or Letter Quiz

Three Letter 'N' Words Quiz Stats

 Plays Quiz Updated May 5, 2016

Challenge
Share
Tweet
Embed
Score 0/37 Timer 04:00
3 Plays Today
Word % Correct
not
96.3%
nap
94.9%
nag
94.7%
nab
94.6%
net
94.3%
nit
93.6%
new
93%
now
92%
nip
91.6%
nan
91.4%
naw
91.1%
nor
90.2%
nam
90.1%
nod
90%
nay
89.3%
nah
88.9%
nil
88.8%
nob
88.5%
nut
88.2%
Word % Correct
nog
88.1%
nib
87.4%
nae
86.6%
nom
85.7%
nim
85.5%
neb
85.1%
nun
84.6%
nub
84.2%
nos
84.1%
neg
84%
nee
82.9%
nav
82.8%
nix
78.7%
noh
78.1%
nug
77.9%
noo
76.8%
nus
74.4%
nth
9.8%

You're not logged in!

Compare scores with friends on all Sporcle quizzes.
Join for Free
OR
Log In

You Might Also Like...

Show Comments

Extras

Top Quizzes Today


Score Distribution

Your Account Isn't Verified!

In order to create a playlist on Sporcle, you need to verify the email address you used during registration. Go to your Sporcle Settings to finish the process.

Report this User

Report this user for behavior that violates our Community Guidelines.

Details: